LEADER 00911nam0-2200325---450- 001 990009387760403321 005 20110628153248.0 010 $a978-0-898715-34-7 035 $a000938776 035 $aFED01000938776 035 $a(Aleph)000938776FED01 035 $a000938776 100 $a20110628d2003----km-y0itay50------ba 101 0 $aeng 102 $aUS 105 $a--------001yy 200 1 $aIterative methods for sparse linear systems$fYousef Saad 205 $a2nd ed. 210 $aPhiladelphia$cSIAM$d@2003 215 $axviii, 528 p.$cill.$d25 cm 610 0 $aEquazioni differenziali parziali 676 $a512.9/434$v22$zita 700 1$aSaad,$bYousef$0511689 801 0$aIT$bUNINA$gRICA$2UNIMARC 901 $aBK 912 $a990009387760403321 952 $a512.9-SAA-1$b6820$fSC1 959 $aSC1 996 $aIterative methods for sparse linear systems$9764285 997 $aUNINA LEADER 01176nam0-2200385---450 001 990005772600203316 005 20190403125023.0 035 $a000577260 035 $aUSA01000577260 035 $a(ALEPH)000577260USA01 035 $a000577260 100 $a20100924d2008----|||y0itaa50------ba 101 $aeng 102 $anl 105 $a0 00||| 200 1 $aVeiled encounters$erepresenting the Orient in the 17.-century French travel literature$fMichael Harrigan 210 $aAmsterdam$cRodopi$d2008 215 $a297 p.$d23 cm. 225 2 $aFaux titre$eetudes de langue et littérature françaises$v321 410 0$12001$aFaux titre$v321 606 $aViaggi$xOriente$xLetteratura francese$xSec. 17.$2F 620 $dAMSTERDAM 676 $a840.4 700 1$aHARRIGAN,$bMichael$0615931 801 0$aIT$bSA$c20111219 912 $a990005772600203316 950 0$aDipar.to di Filosofia - Salerno$dDFCC 840.4 HAR$e9311 FIL 951 $aCC 840.4 HAR$b9311 FIL 959 $aBK 969 $aFIL 979 $c20121027$lUSA01$h1526 979 $c20121027$lUSA01$h1616 996 $aVeiled encounters$91081890 997 $aUNISA NUM $aSA0028418 LEADER 03593nam 22005892 450 001 9910140174603321 005 20230724215358.0 035 $a(CKB)2670000000497773 035 $a(SSID)ssj0001326011 035 $a(PQKBManifestationID)11869438 035 $a(PQKBTitleCode)TC0001326011 035 $a(PQKBWorkID)11517180 035 $a(PQKB)10502436 035 $a(UkCbUP)CR9781922064646 035 $a(EXLCZ)9781922064646 035 $a(OCoLC)883025418 035 $a(oapen)https://directory.doabooks.org/handle/20.500.12854/26347 035 $a(EXLCZ)992670000000497773 100 $a20140122d2013|||| uy| 0 101 0 $aeng 135 $aur||||||||||| 181 $ctxt$2rdacontent 182 $cc$2rdamedia 183 $acr$2rdacarrier 200 00$aAdelaide $ea literary city /$fedited by Philip Butterss$b[electronic resource] 210 $cUniversity of Adelaide Press$d2013 210 1$aAdelaide :$cThe University of Adelaide Press,$d2013. 215 $a1 online resource (xii, 266 pages) $cdigital, PDF file(s) 225 0 $aOpen Access e-Books 225 0 $aKnowledge Unlatched 300 $aTitle from publisher's bibliographic system (viewed on 02 Oct 2015). 311 08$aPrint version: 9781922064639 320 $aIncludes bibliographical references. 327 $aAdelaide as literary city : introduction / Philip Butterss -- Acts of writing / Kerryn Goldsworthy -- Colonial wordsmith: George Isaacs in Adelaide, 1860-1870 / Anne Black -- Scots and Scottish literature in literary Adelaide / Graham Tulloch -- 'An entertaining young genious' : C.J. Dennis and Adelaide / Philip Butterss -- Adelaide around 1935 : stories of herself when young / Susan Sheridan -- Adelaide and the country : the literary dimension / Jill Roe -- 'Fearful affinity': Jindyworobak primitivism / Peter Kirkpatrick -- The Athens of the south / Alison Broinowski -- Max Harris : a phenomenal Adelaide literary figure / Betty Snowden -- Geoffrey Dutton : little Adelaide and New York Nowhere / Nicholas Jose -- New York nowhere : meditations and celebrations, Neurology Ward, The New York Hospital / Geoffrey Dutton -- Coffee with Ken : Ken Bolton's Adelaide / Jill Jones -- 'A dozy city' : Adelaide in J.M. Coetzee's Slow man and Amy T. Matthew's End of the night girl / Gillian Dooley. 330 $aFrom the tentative beginnings of European settlement to today's flourishing writing scene, Adelaide has always been a literary city. Novelists, poets and playwrights have lived here; readers have pored over books, sharing them and discussing them; literary celebrities have visited and sometimes stayed; writers have encouraged each other and fought with each other. Adelaide is literary, too, in the sense of having been written about - sometimes with love, sometimes with scorn. Literature has been important not only to the city's cultural life but to its identity, to the way it has been seen and, most importantly, to the way it has seen itself. 606 $aAustralian literature$zAustralia$zSouth Australia$xHistory and criticism 607 $aAdelaide (S.A.)$xIn literature 610 $aliterary city 610 $aadelaide 610 $aAustralia 610 $aSouth Australia 615 0$aAustralian literature$xHistory and criticism. 676 $a820.9/994 700 $aButterss$b Philip$4auth$0802206 702 $aButterss$b Philip$f1958- 712 02$aUniversity of Adelaide Press, 801 0$bUkCbUP 801 1$bUkCbUP 906 $aBOOK 912 $a9910140174603321 996 $aAdelaide$93083052 997 $aUNINA